00544nam a22001817a 450000500170000001000150001702000260003203500130005803700130007108200170008424501030010126000260020427000430023030000320027370000210030570000170032670000190034320130916163655.0 aENG-108250 c995.00a9789380574325 aEN-91783 bDBAD/PUB a307.14120954 aRural management in post-reform era /cedited by K. Nagaraja Rao, Harnam Singh [and] Anita Sukhwal aDelhibBookwellc2012 a3/79, Nirankari Colony,bDelhie110009 axvi,381p. :c23cm(Hb)bill. aRao, K. Nagaraja aHarnam Singh aSukhwal, Anita